Gender and the politics of history

Αποθηκεύτηκε σε:
Λεπτομέρειες βιβλιογραφικής εγγραφής
Κύριος συγγραφέας: Scott, Joan Wallach
Μορφή: Βιβλίο
Γλώσσα:English
Δημοσίευση: New York : Columbia University PRess, c1988
Σειρά:Gender and culture
Θέματα:
Ετικέτες: Προσθήκη ετικέτας
Δεν υπάρχουν, Καταχωρήστε ετικέτα πρώτοι!

MARC

LEADER 00000nam a2200000 i 4500
001 1/2984
008 000516s1988 eng d
020 |a 0231065558 
035 |l 10060637 
040 |a GR-MY-UA  |b gre  |e aacr 
041 0 |a eng 
082 0 |a 305.409 
100 1 |a Scott, Joan Wallach. 
245 1 0 |a Gender and the politics of history /  |c Joan Wallach Scott 
260 |a New York :   |b Columbia University PRess,   |c c1988 
300 |a 242 p. 
490 1 |a Gender and culture 
504 |a Includes index 
650 0 0 |a Women  |x History  |y 19th century. 
650 0 0 |a Women  |x History  |y 20th century. 
650 0 0 |a Sex role  |x History. 
650 0 0 |a Working class women  |x History. 
650 0 0 |a Women  |x Employment  |z France  |x History  |y 19th century. 
830 0 |a Gender and culture 
852 |a INST  |b LESVOS  |e 20000516  |h 305.409 SCO  |p 005100026298  |q 005100026298  |t BK  |y 0 
901 |a BIBL1-2000-2 
909 |a Λ  |b 078040 
922 |a 1ΕΛΗ  |b 200005  |c ΚΠΣ/ΤΚΑ  |d ΠΑΠΑΣΩΤΗΡΙΟΥ 
950 |a 117-1999-11-26 
970 |a ΤΖΑΦΕΡΗ  |b ΕΥΑΓΓΕΛΙΑ  |z 2000/05/18